Những kỹ năng về sử dụng ngôn ngữ trong truyền thông đại chúng
Một số thủ pháp về ngôn ngữ nhằm nâng cao tính hiệu quả của bài phát biểu trước công chúng. Ánh sáng trí tuệ trong câu nói của Bác. Sự hấp dẫn của ngôn ngữ phóng sự. Sapô trên báo chí. Các đặc điểm của ngôn ngữ báo mạng điện tử. Ngôn ngữ của người dẫn chương trình trò chơi trên truyền hình. Việc sử...
Đã lưu trong:
| Tác giả chính: | |
|---|---|
| Định dạng: | Sách |
| Ngôn ngữ: | Vietnamese |
| Được phát hành: |
H.
Đại học Quốc gia Hà Nội
2008
|
| Những chủ đề: | |
| Các nhãn: |
Thêm thẻ
Không có thẻ, Là người đầu tiên thẻ bản ghi này!
|
| Thư viện lưu trữ: | Mạng thư viện Đại học Đà Nẵng |
|---|
| LEADER | 01556nam a2200361 4500 | ||
|---|---|---|---|
| 001 | 000007876 | ||
| 003 | 4046 | ||
| 005 | 20111012151038.0 | ||
| 008 | 111012s2008 viesd | ||
| 020 | |c 27000đ | ||
| 041 | 0 | |a vie | |
| 082 | |a 070.4 |b HO-A | ||
| 100 | 0 | |a Hoàng Anh | |
| 245 | 0 | |a Những kỹ năng về sử dụng ngôn ngữ trong truyền thông đại chúng |c Hoàng Anh | |
| 260 | |a H. |b Đại học Quốc gia Hà Nội |c 2008 | ||
| 300 | |a 219 tr |c 21 cm | ||
| 500 | |a ĐTTS ghi: Học viện Báo chí và Tuyên truyền | ||
| 504 | |a Thư mục: tr. 217-219 | ||
| 520 | |a Một số thủ pháp về ngôn ngữ nhằm nâng cao tính hiệu quả của bài phát biểu trước công chúng. Ánh sáng trí tuệ trong câu nói của Bác. Sự hấp dẫn của ngôn ngữ phóng sự. Sapô trên báo chí. Các đặc điểm của ngôn ngữ báo mạng điện tử. Ngôn ngữ của người dẫn chương trình trò chơi trên truyền hình. Việc sử dụng tiếng Việt trên đài tiếng nói Việt Nam. Giải pháp góp phần giữ gìn sự trong sáng của tiếng Việt trên báo chí | ||
| 650 | |a sử dụng | ||
| 650 | |a kỹ năng | ||
| 653 | |a truyền thông đại chúng | ||
| 653 | |a ngôn ngữ | ||
| 653 | |a báo chí | ||
| 910 | |a Quỳnh |d 12/10/2011 | ||
| OWN | |a LSP | ||
| 999 | |a From the UDN01 | ||
| TYP | |a Monograph | ||
| TYP | |a Printed language | ||
| 980 | |a Mạng thư viện Đại học Đà Nẵng | ||